000 00740nam a22002417a 4500
003 dpl
005 20180820131329.0
008 180820b xxu||||| |||| 00| 0 eng d
010 _aA-943855
020 _c00.00
_a8170249953
035 _aA-943855, A-943857, A-943858
037 _bCen Lib/Ret
040 _aDPL
_bEN
_c0
082 _a150.3
_bSHA
100 _aSharma, A. S.
_925118
245 _aDictionary of psychology /
_cby A. S. Sharma
260 _bA. P. H. Publishing Corporation
_c1998
_aNew Delhi
270 _bNew Delhi
_a5, Ansari Road, Darya Ganj
_e110002
300 _a173p.
_c22cm(Hb)
650 _aPsychology -- Dictionaries
_925119
650 _aPsychology
_9101665
942 _2ddc
_cEN
_h150.3
_mSHA
999 _c129017
_d129017